| 000 | 00861nam a22001337a 4500 | ||
|---|---|---|---|
| 040 | _cRUA | ||
| 082 | _aAVM TEA 2010 B093 Or.1 | ||
| 100 | _aTEAV, PHALLA. | ||
| 245 | _aStudy on growth rate of avian broiler chicken by adding shrimp by-product and celery cabbage in C.P concentrate at royal university of agriculture, ការសិក្សាលើការលូតលាស់របស់មាន់សាច់AVIANដោយបន្ថែមអនុផលបង្គា និងស្ពៃបូកគោស្រស់លើចំណីក្រុមហ៊ុនស៊ីភីនៅសាកលវិទ្យាល័យភូមិន្ទកសិកម្ម | ||
| 260 |
_aPhnom Penh _bRUA _c2010 |
||
| 300 |
_ax; 40p. _bill. _c29cm. |
||
| 856 | _uhttps://drive.google.com/file/d/1soj0aaLgUmwOjAwHc91Ux_KYnnDmAG2H/view?usp=sharing | ||
| 942 | _cAVM | ||
| 999 |
_c2360 _d2360 |
||